| 000 -LEADER |
| fixed length control field |
03290cam a2200277 i 4500 |
| 003 - CONTROL NUMBER IDENTIFIER |
| control field |
OSt |
| 005 - DATE AND TIME OF LATEST TRANSACTION |
| control field |
20220316173535.0 |
| 008 - FIXED-LENGTH DATA ELEMENTS--GENERAL INFORMATION |
| fixed length control field |
160121s2016 vaua b 001 0 eng |
| 020 ## - INTERNATIONAL STANDARD BOOK NUMBER |
| International Standard Book Number |
9781940291406 |
| Qualifying information |
(soft cover) |
| 040 ## - CATALOGING SOURCE |
| Original cataloging agency |
DLC |
| Language of cataloging |
eng |
| Description conventions |
rda |
| Transcribing agency |
DLC |
| 042 ## - AUTHENTICATION CODE |
| Authentication code |
pcc |
| 050 00 - LIBRARY OF CONGRESS CALL NUMBER |
| Classification number |
NA9053.C6 |
| Item number |
W38 2016 |
| 082 04 - DEWEY DECIMAL CLASSIFICATION NUMBER |
| Classification number |
711.4 |
| Edition number |
23 |
| 245 00 - TITLE STATEMENT |
| Title |
Water index : |
| Remainder of title |
design strategies for drough, flooding and contamination / |
| Statement of responsibility, etc |
editor, Seth McDowell, Assistant Professor in Architecture. |
| 300 ## - PHYSICAL DESCRIPTION |
| Extent |
280 pages : |
| Other physical details |
illustrations (chiefly color) ; |
| Dimensions |
30 cm |
| 504 ## - BIBLIOGRAPHY, ETC. NOTE |
| Bibliography, etc |
Includes bibliographical references and indexes. |
| 505 0# - FORMATTED CONTENTS NOTE |
| Formatted contents note |
A hydrological tragedy in three acts : introduction / Seth McDowell -- People and the rising sea / Orrin Pilkey and Rob Young -- Catastrophe / Tracy Metz -- The Delta works project / Benjamin Gregory -- The spectacle of water and machine : the ideologies at work in the Bonnet Carre Spillway openings of 1937 and 2011 / Travis K. Bost -- Hydropolis / Marion Ottman, Margaux Leycuras and Anne-Hina Mallette -- Governors Island Park / West 8 and Mathews Nielsen Landscape Architects -- Connections on uncertain ground / Benjamin Gregory and Ed Ford -- Aranzadi Park / Aldayjover Architecture and Landscape -- Swamp thing : Smart grid, smarter water management in New Orleans / Isaac Cohen, Kate Hayes, and Jorg Sieweke -- Watersquare Benthemplein / De Urbanisten -- The bacteriological city and its discontents / Matthew Gandy -- Bringing the serpent's tail into the serpent's mouth : Edwin Chadwick and the 'sanitary idea' in England / Martin V. Melosi -- Deepwater Horizon oil spill / Benjamin Gregory -- Whitney water purification facility + park / Steven Holl Architects and Michael Van Valkenburgh and Associates -- Seeping boundaries : informal infrastructures of dirt., demolition, and sewage in the West Bank / Suzanne Harris-Brandts -- Dendritic zoning : establishing a new urban gradient in the Garden State / Kimberly Garza -- A green sponge for a water-resilient city : Qunli Stormwater Park / Turenscape -- Shanghai Houtan Park : landscape as a living system / Turenscape -- Vintondale Reclamation Park / D.I.R.T.. Studio -- Parallel networks / Op.N (Ali Fard and Ghazal Jafari) -- Water core home / Dan Williamson, David Karle, and Sarah Thomas Karle -- Detoxi-city / Zuhal Kol, Rodney Bell, and Julia Gamolina -- The urban spring : formalizing the water system of Los Angeles / William Morrish -- Reconstructing the void : Owens Lake / Barry Lehrman -- Draining the oasis / Benjamin Gregory -- Sea tree / Waterstudio -- Winton Wetland restoration / Taylor Cullity Lethlean -- Lima beyond the park / Antje Stokman, Bernd Eisenberg, Eva Nemcova, and Rossana Poblet -- Wash : urban hydrological networks for resilient cultural ecologies / Aja Bulla-Richards -- Immaterial water / Izaskun Gonzalez Barredo and Oriol Valls Guinovart. |
| 650 #0 - SUBJECT ADDED ENTRY--TOPICAL TERM |
| Topical term or geographic name as entry element |
Architecture |
| General subdivision |
Conservation and restoration. |
| 650 #0 - SUBJECT ADDED ENTRY--TOPICAL TERM |
| Topical term or geographic name as entry element |
Water in landscape architecture. |
| 650 #0 - SUBJECT ADDED ENTRY--TOPICAL TERM |
| Topical term or geographic name as entry element |
Watershed management. |
| 650 #0 - SUBJECT ADDED ENTRY--TOPICAL TERM |
| Topical term or geographic name as entry element |
Water quality management. |
| 700 1# - ADDED ENTRY--PERSONAL NAME |
| Personal name |
McDowell, Seth, |
| Relator term |
editor. |
| 906 ## - LOCAL DATA ELEMENT F, LDF (RLIN) |
| a |
7 |
| b |
cbc |
| c |
orignew |
| d |
2 |
| e |
epcn |
| f |
20 |
| g |
y-gencatlg |
| 942 ## - ADDED ENTRY ELEMENTS (KOHA) |
| Source of classification or shelving scheme |
|
| 955 ## - COPY-LEVEL INFORMATION (RLIN) |
| Classification number, CCAL (RLIN) |
pc12 2016-01-21 |
| -- |
xn11 2017-12-29 1 copy rec'd., to USASH |
| Copy status, CST (RLIN) |
rk23 2021-02-24 TW (Situational) to PresSvrs |